Geomagnetic data 1966 indices K and C I.A.G.A Bulletin No. 1241 (Record no. 3779)

MARC details
000 -LEADER
fixed length control field 00514nam a2200169Ia 4500
003 - CONTROL NUMBER IDENTIFIER
control field IN-BaIIA
005 - DATE AND TIME OF LATEST TRANSACTION
control field 20250703162112.0
008 - FIXED-LENGTH DATA ELEMENTS--GENERAL INFORMATION
fixed length control field 211028s9999 xx 000 0 eng d
040 ## - CATALOGING SOURCE
Transcribing agency IIA Library
080 ## - UNIVERSAL DECIMAL CLASSIFICATION NUMBER
Universal Decimal Classification number 083.550.38
Item number IAGA-12U1
100 ## - MAIN ENTRY--PERSONAL NAME
Personal name Vadedekamp, J and Siebert, M
9 (RLIN) 6717
245 #0 - TITLE STATEMENT
Title Geomagnetic data 1966 indices K and C I.A.G.A Bulletin No. 1241
Statement of responsibility, etc. J. Vadedekamp and M. Siebert
260 ## - PUBLICATION, DISTRIBUTION, ETC.
Place of publication, distribution, etc. Paris
Name of publisher, distributor, etc. IUGG Publications
Date of publication, distribution, etc. 1969
300 ## - PHYSICAL DESCRIPTION
Extent xvi, 118p.
650 ## - SUBJECT ADDED ENTRY--TOPICAL TERM
Topical term or geographic name entry element Geomagnetic Data
942 ## - ADDED ENTRY ELEMENTS (KOHA)
Koha item type Books
Source of classification or shelving scheme Dewey Decimal Classification
Holdings
Withdrawn status Lost status Source of classification or shelving scheme Damaged status Not for loan Home library Current library Shelving location Date acquired Total Checkouts Full call number Barcode Date last seen Price effective from Koha item type Purchase Price
    Dewey Decimal Classification     IIA Library-Bangalore IIA Library-Kodaikanal General Stacks 30/06/1971   083.550.38/ IAGA-12U1 4220 05/11/2021 30/06/1971 Books  

Powered by Koha